书目信息 |
| 题名: |
社会常识全知道
|
|
| 作者: | 蔡亚兰 , 春之霖 著 | |
| 分册: | 第四卷 | |
| 出版信息: | 北京 中国华侨出版社 2010.11 |
|
| 页数: | 559-763页 | |
| 开本: | 25cm | |
| 丛书名: | ||
| 单 册: | ||
| 中图分类: | C91-49 | |
| 科图分类: | ||
| 主题词: | 社会学--通俗读物 , 社会学 | |
| 电子资源: | ||
| ISBN: | 978-7-5113-0717-0 | |
| 000 | 00835nam0 22002411 450 | |
| 001 | 005149927 | |
| 005 | 20111229174638.09 | |
| 010 | @a978-7-5113-0717-0@dCNY74.00 | |
| 100 | @a20110122d2010 em y0chiy50 ea | |
| 101 | 0 | @achi |
| 102 | @aCN@b110000 | |
| 105 | @ay z 000yy | |
| 200 | 1 | @a社会常识全知道@9she hui chang shi quan zhi dao@h第四卷@f春之霖,蔡亚兰编著 |
| 210 | @a北京@c中国华侨出版社@d2010.11 | |
| 215 | @a559-763页@d25cm | |
| 330 | @a本书汇集了约2000条人生必备的社会常识,内容涉及形象常识、礼仪常识、场景口才常识、语言沟通常识、社交心理常识、与人相入常识、识人常识、人脉常识等。 | |
| 606 | 0 | @a社会学@j通俗读物 |
| 606 | 0 | @a社会学 |
| 690 | @aC91-49@v4 | |
| 701 | 0 | @a蔡亚兰@9cai ya lan@c(心理学)@4著 |
| 701 | 0 | @a春之霖@9chun zhi lin@4著 |
| 801 | 0 | @c20111229 |
| 905 | @a郑州市财税学校图书馆@dC91-49@eC932:4@f3 | |
| 社会常识全知道.第四卷/春之霖,蔡亚兰编著.-北京:中国华侨出版社,2010.11 |
| 559-763页;25cm |
| ISBN 978-7-5113-0717-0:CNY74.00 |
| 本书汇集了约2000条人生必备的社会常识,内容涉及形象常识、礼仪常识、场景口才常识、语言沟通常识、社交心理常识、与人相入常识、识人常识、人脉常识等。 |
| ● |
| 相关链接 |
|
|
|
正题名:社会常识全知道
索取号:C91-49/C932:4
 
预约/预借
| 序号 | 登录号 | 条形码 | 馆藏地/架位号 | 状态 | 备注 |
| 1 | 1187182 | 211871820 | 社科库509/509社科库 56排4列6层/ [索取号:C91-49/C932:4] | 在馆 | |
| 2 | 1187183 | 211871839 | 社科库509/509社科库 56排4列6层/ [索取号:C91-49/C932:4] | 在馆 | |
| 3 | 1187184 | 211871848 | 社科库509/509社科库 56排4列6层/ [索取号:C91-49/C932:4] | 在馆 |